000 01538nam a2200385 i 4500
001 ELB246692
003 FINmELB
005 20250326043014.0
006 m o d |
007 cr cnu||||||||
008 231226s2023 sp o 001 0 spa d
020 _a9788411840187
_q(e-book)
035 _a(OCoLC)1418813523
040 _aFINmELB
_bspa
_erda
_cFINmELB
050 4 _aLB1026
_bO511 2023
080 _a37.013.32
082 0 4 _a371.3
_223
100 1 _aOlmeda Jara, Rosario,
_eautor.
245 1 0 _aActividades de educación en el tiempo libre infantil y juvenil ;
_bSSCB0209 /
_cRosario Olmedo Jara.
250 _aSegunda edición.
264 1 _aMálaga :
_bIC Editorial,
_c2023.
300 _a1 recurso en línea (238 páginas)
336 _atexto
_btxt
_2rdacontent/spa
337 _acomputadora
_bc
_2rdamedia/spa
338 _arecurso en línea
_bcr
_2rdacarrier/spa
490 1 _aSSCB0209 - Dinamización de actividades de tiempo libre educativo infantil y juvenil
500 _aIncluye índice.
588 _aDescripción basada en metadatos suministrados por el editor y otras fuentes.
590 _aRecurso electrónico. Santa Fe, Arg.: elibro, 2024. Disponible vía World Wide Web. El acceso puede estar limitado para las bibliotecas afiliadas a elibro.
650 4 _aEducación.
655 4 _aLibros electrónicos.
797 2 _aelibro, Corp.
830 0 _aSSCB0209 - Dinamización de actividades de tiempo libre educativo infantil y juvenil.
856 4 0 _uhttps://elibro.net/ereader/usam/246692
999 _c138791
_d138791